Targeted mapping and linkage analysis of morphological isozyme and RAPD markers in peach (Record no. 70281)

MARC details
000 -LEADER
fixed length control field 00443nam a2200157Ia 4500
100 ## - MAIN ENTRY--AUTHOR NAME
Personal name Chaparoo J X
245 #0 - TITLE STATEMENT
Title Targeted mapping and linkage analysis of morphological isozyme and RAPD markers in peach
260 ## - PUBLICATION, DISTRIBUTION, ETC. (IMPRINT)
Name of publisher Theoretical and Applied Genetics
Year of publication 1994
300 ## - PHYSICAL DESCRIPTION
Number of Pages 805-815
650 ## - SUBJECT ADDED ENTRY--TOPICAL TERM
Topical Term RAPD
700 ## - ADDED ENTRY--PERSONAL NAME
Personal name OMalley D
700 ## - ADDED ENTRY--PERSONAL NAME
Personal name Sederoff R R
700 ## - ADDED ENTRY--PERSONAL NAME
Personal name Werner D J
942 ## - ADDED ENTRY ELEMENTS (KOHA)
Koha item type Journals
Holdings
Withdrawn status Lost status Damaged status Not for loan Home library Current library Shelving location Date acquired Serial Enumeration / chronology Koha item type
      Journals RRII Library RRII Library RAPD 17/12/2021 Volume 87, Issue 7 Journals